| 000 | 00986nam a22003017a 4500 | ||
|---|---|---|---|
| 003 | CHAP | ||
| 005 | 20220329135618.0 | ||
| 008 | 971013s1974 r 00010 d | ||
| 010 | _a39291 | ||
| 011 | _a40263 | ||
| 035 | _a44388 | ||
| 040 | _cCHAP | ||
| 082 |
_a636.213 _bE88 |
||
| 110 |
_aEstación Experimental Regional Agropecuaria Balcarce. Balcarce, Argentina _938234 |
||
| 245 | _aCruzamientos con bovinos para carne | ||
| 260 |
_aBuenos Aires : _bLa Estación, _c1974 |
||
| 300 |
_a57 p. _b: ilus. |
||
| 490 |
_aSerie materiales didácticos _v; 3 |
||
| 590 |
_aBATCH-UPD _b10 _c20130110 _lUCH01 _h1934 |
||
| 590 |
_aBATCH-UPD _b10 _c20130410 _lUCH01 _h1258 |
||
| 590 |
_aBATCH-UPD _b10 _c20130914 _lUCH01 _h1510 |
||
| 590 |
_aCONVERSION _b10 _c20130109 _lUCH01 _h1322 |
||
| 650 | 1 | 4 |
_aGanado de carne _xEngorda. _945081 |
| 830 | 0 |
_aSerie materiales didácticos _v; 3 _9104959 |
|
| 901 | _aBK | ||
| 942 | _cLIBRO | ||
| 949 |
_a636.213 E88 _bBC _cLIBRO _d-101711 _eLIBRO _h40627 _i44388 _si |
||
| 999 |
_c39291 _d39291 |
||